| 000 | 00507nam a2200205Ia 4500 | ||
|---|---|---|---|
| 008 | 170918s9999 xx 000 0 und d | ||
| 020 | _a9780545623957 | ||
| 050 | _bC427ee 2014 | ||
| 100 | _aChabert, Jack | ||
| 245 | 4 | _aThe locker ate Lucy! / | |
| 245 | _cby Jack Chabert ; illustrated by Sam Ricks. | ||
| 260 | _aNew York : | ||
| 260 | _bScholastic, | ||
| 260 | _c2014 | ||
| 300 | _a90 pages : | ||
| 300 | _billustrations ; | ||
| 300 | _c19cm. | ||
| 300 | _eEerie Elementary ; | ||
| 440 | _a2 | ||
| 999 |
_c344293 _d344293 |
||